01253cam a2200301 a 4500001001400000003000800014005001700022006001900039007001500058008004100073020003800114040003000152050002200182082001600204100002700220245006500247260002800312300003500340504005100375520026400426521001700690588004700707650002500754655002900779710001600808776003500824856009200859EDZ0000067621StDuBDS20161031105125.0m||||||||d||||||||cr |||||||||||120405s2003 enk fo| 001|0|eng d a9781446220467 (ebook) :cNo price aStDuBDSbengcStDuBDSepn 0aPN4756b.S17 200304a174.9072231 aSanders, Karen,d1961-10aEthics & journalismh[electronic resource] /cKaren Sanders. aLondon :bSAGE,cc2003. a1 online resource (ix, 196 p.) aIncludes bibliographical references and index.8 aKaren Sanders examines the ethical dilemmas faced by journalists in all areas of the media and proposes several ways of achieving ethical journalism. The study is informed by interviews with top journalists and editors and includes an exhaustive bibliography. aSpecialized. aDescription based on print version record. 0aJournalistic ethics. 7aElectronic books.2local2 aSage eBooks08iPrint version :z978076196967940uhttp://ezproxy.alfaisal.edu/login?url=http://sk.sagepub.com/books/ethics-and-journalism